Juicio a la pena de muerte: la voz de las iglesias
Gespeichert in:
| 1. Verfasser: | |
|---|---|
| Format: | Buch |
| Sprache: | Spanisch |
| Veröffentlicht: |
Santiago
Paulinas
1990
|
| Schriftenreihe: | Colección reconciliación, 5
|
| Schlagworte: | |
| Tags: |
Tag hinzufügen
Keine Tags, Fügen Sie den ersten Tag hinzu!
|
MARC
| LEADER | 00000nam a2200000 a 4500 | ||
|---|---|---|---|
| 001 | UCX3788 | ||
| 003 | CL-VaPUC | ||
| 008 | 920102e19900000CL |||||||||||||||||spa|d | ||
| 082 | 0 | 4 | |a 179.7 |b MIF |2 21 |
| 100 | |a Mifsud, Tony, |c S. J. |e autor |9 600778 | ||
| 245 | 1 | 0 | |a Juicio a la pena de muerte: la voz de las iglesias |
| 300 | |a 53 p | ||
| 942 | |c BK | ||
| 945 | |d 19920102 00:00:00 | ||
| 260 | |a Santiago |b Paulinas |c 1990 | ||
| 650 | 0 | |a Pena de muerte |9 256612 | |
| 583 | |a last modification |c 19920102 00:00:00 |k Rodrigo Vera | ||
| 490 | 0 | |a Colección reconciliación, 5 | |
| 999 | |c 224450 |d 224448 | ||
| 952 | |0 0 |1 0 |4 0 |6 179_700000000000000_MIF_1990 |7 0 |8 A |9 221094 |a BIBTEO |b BIBTEO |d 2019-11-15 |i 2898446 |o 179.7 MIF 1990 |p 2898446 |r 2025-01-17 |w 2019-11-15 |y BK |k ICR | ||